=LDR 00000nam 2200000 4500 =001 INLIS000000000037342 =005 20130612143057 =008 ***********************************Ind** =035 ##$$0010-061300000037342 =041 ##$$a Ind =082 ##$$a 813.085 =090 ##$$a 813.085, Gib s =100 ##$$a Gibran, Kahlil =245 ##$$a Siswa - siswa memberontak , Kahlil Gibran; Penerjemah, Nin Bakdisoemanto =260 ##$$a 2010 $b Jakarta =300 ##$$a xiv,764 hlm., 21 cm =650 ##$$a Fiksi Indonesia - Roman =700 ##$$a Bakdisumanto,Nin =850 ##$$a NBPNMAT